Statistics for Countries Closest to Romania

Click here to take the quiz!

General Stats

  • This quiz has been taken 831 times
  • The average score is 19 of 20

Answer Stats

kmcountry% Correct
0Ukraine
98%
0Bulgaria
97%
220Russia
97%
0Serbia
97%
0Hungary
96%
0Moldova
96%
101Poland
94%
68Slovakia
94%
107Croatia
93%
235Greece
93%
284Slovenia
93%
170North
Macedonia
92%
201Türkiye
92%
129Bosnia and
Herzegovina
91%
156Kosovo
90%
221Montenegro
90%
322Czechia
89%
266Albania
88%
304Austria
88%
365Belarus
88%

Score Distribution

Percentile by Number Answered

Percent of People with Each Score

Your Score History

You have not taken this quiz